| 000 | 00494nam a22001697a 4500 | ||
|---|---|---|---|
| 003 | NUST - PNEC | ||
| 005 | 20170116180832.0 | ||
| 008 | 150801b xxu||||| |||| 00| 0 eng d | ||
| 020 | _a0079120040 | ||
| 040 | _cLIBRARY | ||
| 082 | _a519.402 SHA | ||
| 100 |
_94731 _aShammas, Namir Clement |
||
| 245 |
_aC/C++ mathematical algorithms for scientists & engineers _cNamir Clement, Shammas |
||
| 260 | _cc1995. | ||
| 650 |
_94733 _aMathematical statistics--Data processing _xME |
||
| 942 |
_2ddc _cBK |
||
| 999 |
_c64080 _d64080 |
||